| 000 | 00765nam a22001695i 4500 | ||
|---|---|---|---|
| 001 | 154301 | ||
| 003 | ES-MaACL | ||
| 005 | 20230906205643.0 | ||
| 008 | 051007s1874 sp | |||||||| ||spa d | ||
| 040 |
_aCAM _bspa _cCAM |
||
| 100 | 1 |
_aSantivañes y Chávarri, Arturo Gil de. _9127310 |
|
| 245 | 1 | 0 |
_aPaz entre hermanos _b: cuadro dramático de actualidad, en un acto, original y en verso / _cde Arturo Gil de Santivañes. |
| 260 |
_aMadrid : _b[s.n.], _c1874 ( _eImprenta de S. Landáburu) |
||
| 300 |
_a28 p. ; _c20 cm. |
||
| 500 | _aEn port.: Liceo Piquer, 30 de Enero de 1874. | ||
| 852 |
_aES-MaACL _jF-8552(5) _z-- Enc. pasta española, falto de la enc. original _z-- Enc. en un vol. facticio, formando parte de la col. facticia "Teatro español moderno", v. 4 |
||
| 999 |
_c154301 _d154301 |
||